000 00405nam a2200169Ia 4500
005 20250423101339.0
008 250422s9999 xx 000 0 und d
020 _a9780205639427
050 _aJK 516 .R492/
100 _aRobinson, Tony
245 4 _aThe new administration's first 100 days workbook
260 _aNew York
260 _bLongman
260 _c2009
300 _a173 p
942 _cBK
999 _c36040
_d36040